00773nam a2200217Ia 450000500170000000800410001702000320005804000190009004100120010908200160012124501390013726000570027630000200033350400190035365000230037270000230039585000100041894200070042899900170043595201030045220221112110247.0140110s9999 xx 000 0 und d a9788173049217cRs 2950(set) aLoreto College aEnglish a954.03bCAR aPartition observed V IIb British official reports from South Asia, 16 October-31 December 1947 cSelected and edited by Lionel Carter aNew DelhibManohar Publishers and Distributorsc2011 av ii, 505-985p  aIncludes index aIndia-History 1947 aCarter, Lionel, ed aLCLIB cBK c38338d88817 00102ddc4070aMAINbMAINd2013-11-04l0o954.03 CAR 49433pB41737r2013-11-04w2013-11-04yBKf